Statistiques concernant Pays les plus récents à avoir...

Cliquez ici pour prendre le quiz!

Statistiques générales

  • Ce quiz a été pris 1,828 fois
  • Le résultat moyen est 9 sur 20

Statistiques - réponses

Pays le plus récent à avoir Année Pays % Correct
dépassé le milliard d'habitants1998Inde
97%
subit un tremblement de terre supérieur à 9.0 sur l'échelle de RIchter2011Japon
83%
obtenu l'arme nucléaire2006Corée du Nord
74%
reçu les jeux olympiques d'hiver2018Corée du Sud
70%
rejoint l'Union Européenne2013Croatie
60%
été annexé par la Chine1951Tibet
58%
été indépendant2011Soudan du Sud
55%
envahi le territoire britannique1982Argentine
54%
controlé l'entièreté de la mer Méditerranée395Empire romain
51%
exécuté officiellement un ancien dirigeant2006Irak
50%
été colonisé par les Hommes (en Europe)874Islande
48%
établit des relations étrangères avec les États-Unis2015Cuba
41%
dépasser les 100 millions d'habitants2019Égypte
35%
obtenu le statut d'"observateur" à l'ONU2012Palestine
31%
connu un déclin de plus 10% de sa population2010-2015Syrie
29%
aboli sa monarchie2008Népal
27%
aboli l'esclavage1981Mauritanie
11%
été annexé1990Allemagne de l'est
9%
été colonisé par les Hommes1770Seychelles
8%
obtenu l'indépendance du Royaume-Uni1984Brunei
8%

Distribution des résultats

Percentile par nombre de réponses

% des personnes avec chaque résultat

Votre développement - résultats

Vous n’avez pas pris ce quiz